Teilnehmer der Fußball-WM 2026 - Statistiken

Allgemein
  • Dieses Quiz wurde 72 mal gespielt
  • Das Durchschnittsergebnis liegt bei 41 aus 48
Antwortstatistiken
Antwort % Korrekt
Deutschland
100%
Frankreich
98%
Kanada
97%
Spanien
97%
USA
97%
Australien
95%
Japan
95%
Mexiko
95%
Portugal
95%
Brasilien
94%
England
94%
Norwegen
94%
Schweden
94%
Ägypten
92%
Argentinien
92%
Niederlande
92%
Österreich
92%
Südkorea
92%
Curacao
90%
Marokko
90%
Schweiz
90%
Iran
89%
Kolumbien
89%
Südafrika
89%
Belgien
87%
Bosnien und Herzegowina
87%
Neuseeland
87%
Elfenbeinküste
85%
Türkei
85%
Algerien
84%
Ecuador
84%
Irak
84%
Schottland
84%
Tschechien
82%
Kroatien
81%
Saudi Arabien
79%
Senegal
79%
Tunesien
79%
Uruguay
79%
Panama
77%
Katar
76%
Paraguay
76%
Ghana
74%
DR Kongo
73%
Kap Verde
68%
Haiti
61%
Jordanien
60%
Usbekistan
56%
Keine übereinstimmenden Quizze gefunden
Verteilung der Resultate
Anzahl Personen mit jedem Resultat
Perzentil nach korrekt beantworteten Fragen
Ihre Resultats-Entwicklung
Sie haben dieses Quiz noch nicht gespielt